000 01587nmc a2200565 a 4500
003 AR-X00000XY
005 20251128211906.0
008 317020s2000 ||||||||||||||000 | spa||
020 _a958-30-0691-2
040 _cAR-X00000XY
245 1 0 _aParnaso colombiano
250 _a1ª ed.
260 _aSantafé de Bogotá
_bPanamericana
_c2000
300 0 _a83 p.
490 0 _aCuadernillos de poesía
500 0 _aDonación de la Embajada de Colombia en Buenos Aires
600 1 4 _aCaro, José Eusebio
600 1 4 _aCaro, Miguel Antonio
600 1 4 _aArboleda, Julio
600 1 4 _aOrtíz, José Joaquín
600 1 4 _aCaicedo Rojas, José
600 1 4 _aPérez, Felipe
600 1 4 _aPérez, Santiago
600 1 4 _aRivas, Medardo
600 1 4 _aSamper, José María
600 1 4 _aPombo, Rafael
600 1 4 _aCarrasquilla, Ricardo
600 1 4 _aNúñez, Rafael
600 1 4 _aMejía, Epifanio
600 1 4 _aGutiérrez González, Gregorio
600 1 4 _aObeso, Candelario
600 1 4 _aRivas Groot, José María
600 1 4 _aFlórez, Julio
600 1 4 _aPombo, Manuel
600 1 4 _aTorres, Carlos Arturo
600 1 4 _aUribe, Diego
600 1 4 _aMarroquín, José Manuel
600 1 4 _aAlvarez Henao, Enrique
600 1 4 _aPosada, Joaquín Pablo
600 1 4 _aSoto Borda, Clímaco
600 1 4 _aFallon, Diego
650 4 _aANTOLOGIAS
650 4 _aPOESIA
650 4 _aESCRITORES
653 0 _aLITERATURA COLOMBIANA
655 _aLITERATURA
700 1 _aHernández, Carlos Nicolás
_eselección
942 _cBK
998 _cNancy
999 _c21504
_d21504